Music Quiz

Random Music or Singers Quiz

Female Solo Artists by Picture III Quiz Stats

Quiz Updated Jun 3, 2016

Challenge
Share
Tweet
Score 0/24 Timer 06:00
6 Plays Today
% Correct
Ariana Grande
77%
Nicki Minaj
73%
Jessica Simpson
71.4%
Kesha
68.9%
Sia
68.9%
Cyndi Lauper
66%
Judy Garland
62.2%
Demi Lovato
58.5%
Iggy Azalea
52.7%
Missy Elliott
49.9%
Miranda Lambert
47.4%
Pat Benatar
46.8%
% Correct
Jennifer Hudson
46.5%
Jewel
44%
Joni Mitchell
38%
Carly Simon
36.6%
Melissa Etheridge
34.2%
Toni Braxton
32.3%
Billie Holiday
31.5%
Patti LaBelle
29.3%
Patsy Cline
26.2%
Linda Ronstadt
25.3%
Ashanti
23.2%
Chaka Khan
23.1%

You're not logged in!

Compare scores with friends on all Sporcle quizzes.
Sign Up with Email
OR
Log In

You Might Also Like...

Show Comments

Extras

Top Quizzes Today


Score Distribution

Your Account Isn't Verified!

In order to create a playlist on Sporcle, you need to verify the email address you used during registration. Go to your Sporcle Settings to finish the process.